00755nam a22002177a 4500003000400000020001400004082001900018245006300037260004500100300001500145440004400160546001200204650002300216650004300239700001600282700001900298700001500317942001200332999001900344952017400363OSt a052120601 a599.05bGOL/SM aSmall mammals:btheir productivity and population dynamics aLondonbCambridge University Pressc1975 axxv, 451p. aInternational Biological ProgrammevV.5 aEnglish aMammal populations aMorpho - physiological characteristics aGolley, F B aPetrusewicz, K aRyszkowski 2ddccBK c162574d162574 00102ddc40708GenaKAUCLVbKAUCLVcGENERALd2018-11-13l0o599.05 GOL/SMp906405r2018-11-13 00:00:00w2018-11-13yBKzBook transferred from CoH Library, Acc.No: 6663